000 00430nam a22001697a 4500
003 MPLRDC
005 20220104114456.0
008 210129b ||||| |||| 00| 0 eng d
082 _a782.886 ZYX
100 _a张炎宪、李筱峰、庄永明 编
245 _a台湾近代名人志. 第三册
_c
250 _a初版
260 _a
_b自立晚报
_c1987
300 _b
650 _a台湾传记
942 _cBK
_o782.886 ZYX
999 _c7768
_d7758